| 000 | 01185nam a2200265Ia 4500 | ||
|---|---|---|---|
| 003 | Ost | ||
| 005 | 20260507075359.0 | ||
| 008 | 260507s9999||||xx |||||||||||||| ||und|| | ||
| 020 | _a98713299579 | ||
| 040 | _cfsecg | ||
| 041 | _aara | ||
| 082 | _a330 | ||
| 100 |
_aالنوفل، سلطان أحمد خليف _eمؤلف |
||
| 245 | 0 |
_aالسلوك التنظيمي بين الرؤية والتحليل / _c سلطان أحمد خليف النوفل |
|
| 260 |
_aعمان: _bدار الحامد للنشر والتوزيع, _c2015 |
||
| 300 |
_a173 صفحة؛ _bإيضاحات ؛ _c25 سم |
||
| 504 | _aالمصادر ص.164 | ||
| 520 | _aيضم مفهوم السلوك التنظيمي، صور وملامح السلوك التنظيمي في عينة من المنظومات، الشخصية التنظيمية والسياسية، العلل التنظيمية، الجماعات التنظيمية، الرأي التنظيمي والتفاوض | ||
| 653 | _aالتنظيم | ||
| 653 | _aالتنظيم الإداري | ||
| 653 | _aالسلوك الإجتماعي | ||
| 653 | _aالسلوك الإداري | ||
| 653 | _aتنظيم وإدارة | ||
| 942 | _cكتاب | ||
| 999 |
_c44262 _d44262 |
||